Doc. MUDr. Jozef Vondra, CSc., in memoriam

Bibliographic Details
Main Author: Jenča, Andrej, 1953- (Author)
Format: Article
Language:Slovak
Subjects:

MARC

LEADER 00000nab a2200000 a 4500
001 vtls000751049
003 SK-MaSNL
005 20260304105709.0
008 250429c2000 xo 0 slo
015 |a SNBRB2001/03-08187 
035 |a CLN000102844 
035 |a urn:nbn:sk:snk-ab6xbh 
035 |a (uuid)06710948-da06-4bd9-81df-1789c03f560b 
035 |a (urnnbn)urn:nbn:sk:snk:ar-a064v9 
035 |a (sysno)vtls000751049 
040 |a SNKBUCL  |b slo  |c SNKBUCL  |e AACR2 
041 0 |a slo 
044 |a xo  |c SK 
080 |a 61-051  |2 1997 
080 |a 616.31  |2 1997 
080 |a 929 Vondra, Jozef  |2 1997 
100 1 |a Jenča, Andrej,  |d 1953-  |4 aut  |9 40704 
245 1 0 |a Doc. MUDr. Jozef Vondra, CSc., in memoriam  |c Andrej Jenča 
300 |b Fotogr. 
600 1 7 |a Vondra, Jozef,  |d 1930-1999  |2 snkbucl  |9 60520 
655 7 |a články z novín a časopisov  |2 snkbucl  |9 267496 
773 0 |t Stomatológ  |g Roč. 10, č. 3 (2000), s. [33]  |x 1335-0005 
850 |a Slovenská národná knižnica 
852 |a Slovenská národná knižnica 
954 |a odborná, vedecká literatúra pôvodná (slovenská)  |2 lita 
958 |a article27 
958 |a MI 
958 |a SK 
958 |a BC 
958 |a OND 
958 |a EUIPO 
999 |c 2856721  |d 2858651